La isla de Róbinson / (Record no. 49790)
[ view plain ]
| 000 -CABECERA | |
|---|---|
| campo de control de longitud fija | 00625nam a22002177a 4500 |
| 003 - IDENTIFICADOR DEL NÚMERO DE CONTROL | |
| campo de control | DO-SdBNP |
| 005 - FECHA Y HORA DE LA ÚLTIMA TRANSACCIÓN | |
| campo de control | 20210428142524.0 |
| 007 - CAMPO FIJO DE DESCRIPCIÓN FÍSICA--INFORMACIÓN GENERAL | |
| campo de control de longitud fija | ta |
| 008 - DATOS DE LONGITUD FIJA--INFORMACIÓN GENERAL | |
| campo de control de longitud fija | 210428e1982 dr ||||er|||| 00| f spa d |
| 020 ## - NÚMERO INTERNACIONAL ESTÁNDAR DEL LIBRO | |
| Número Internacional Estándar del Libro | 8432250090 |
| 040 ## - FUENTE DE LA CATALOGACIÓN | |
| Centro catalogador/agencia de origen | DO-SdBNP |
| Lengua de catalogación | spa |
| Centro/agencia transcriptor | BNPHU |
| 041 ## - CÓDIGO DE LENGUA | |
| Código de lengua original | spa |
| 082 ## - NÚMERO DE LA CLASIFICACIÓN DECIMAL DEWEY | |
| Número de documento/Ítem | U86i |
| 100 1# - ENTRADA PRINCIPAL--NOMBRE DE PERSONA | |
| Nombre de persona | Uslar-Pietri, Arturo |
| Fechas asociadas al nombre | 1906-2001 |
| 9 (RLIN) | 12623 |
| 245 10 - MENCIÓN DE TÍTULO | |
| Título | La isla de Róbinson / |
| Mención de responsabilidad, etc. | Arturo Uslar Pietri. |
| 260 ## - PUBLICACIÓN, DISTRIBUCIÓN, ETC. | |
| Lugar de publicación, distribución, etc. | Barcelona- Caracas- México: |
| Nombre del editor, distribuidor, etc. | Seix Barral, |
| Fecha de publicación, distribución, etc. | 1982 |
| 300 ## - DESCRIPCIÓN FÍSICA | |
| Extensión | 357 p.; |
| Dimensiones | 18 cm |
| 490 ## - MENCIÓN DE SERIE | |
| Mención de serie | Biblioteca Universal Formentor; |
| Designación de volumen o secuencia | 9 |
| 830 ## - PUNTO DE ACCESO ADICIONAL DE SERIE-TÍTULO UNIFORME | |
| Título uniforme | Biblioteca Universal Formentor; |
| Número de parte o sección de la obra | 9 |
| 9 (RLIN) | 78509 |
| 942 ## - ELEMENTOS DE PUNTO DE ACCESO ADICIONAL (KOHA) | |
| Fuente del sistema de clasificación o colocación | Dewey Decimal Classification |
| Tipo de ítem Koha | Libro |
| Estado de retiro | Estado de pérdida | Fuente del sistema de clasificación o colocación | Restricciones de uso | No para préstamo | Localización permanente | Ubicación/localización actual | Ubicación en estantería | Fecha de adquisición | Fuente de adquisición | Total de préstamos | Signatura topográfica completa | Código de barras | Fecha visto por última vez | Precio válido a partir de | Tipo de ítem Koha |
|---|---|---|---|---|---|---|---|---|---|---|---|---|---|---|---|
| Dewey Decimal Classification | Excluido de préstamo | Excluido de préstamo | Biblioteca Nacional Pedro Henríquez Ureña | Patrimonio Dominicano | Depósito | 28.04.2014 | Donado por Chiqui Vicioso / Fidelio Despradel | U86i | 2021-1616 | 28.04.2021 | 28.04.2021 | Libro |
